[Event "II Festival A"]
[Site "Lido degli Estensi - Comacchio ITA"]
[Date "2001.06.04"]
[Round "3"]
[White "Martinovic, Slobodan"]
[Black "Nikolic, Stanimir"]
[Result "1/2-1/2"]
[WhiteElo "2433"]
[BlackElo "2366"]
[PlyCount "125"]
[EventDate "2001.06.02"]

1.d4 d5 2.Nf3 c6 3.c4 e6 4.Nbd2 Nf6 5.g3 Nbd7 6.Bg2 Bd6 7.O-O O-O 8.Qc2 e5
9.cxd5 Nxd5 10.Nc4 Qe7 11.Bg5 Qe6 12.Nxd6 Qxd6 13.Rad1 exd4 14.Rxd4 Re8 
15.e4 Qg6 16.Qd2 N5b6 17.Nh4 Qe6 18.b3 f6 19.Be3 Ne5 20.Nf5 Nf7 21.Rd1 c5 
22.Rd3 c4 23.Rc3 Ne5 24.h3 Bd7 25.f4 Nf7 26.Qf2 cxb3 27.axb3 Bc6 28.Bxb6 
axb6 29.Nd4 Qd6 30.Re1 Red8 31.Nxc6 bxc6 32.Rec1 c5 33.e5 fxe5 34.Bxa8 
Rxa8 35.Re3 h6 36.Rf1 exf4 37.gxf4 Qg6+ 38.Kh2 Rd8 39.Rg1 Qf5 40.Qg3 Rd2+ 
41.Rg2 Rxg2+ 42.Kxg2 Nd6 43.Qg4 Qd5+ 44.Qf3 Qf5 45.Re5 Qc2+ 46.Re2 Qf5 47.
h4 Qg6+ 48.Kh3 Nf5 49.h5 Qf7 50.Re5 Kh7 51.Qd1 Nd4 52.Qd3+ Kh8 53.b4 Nc6 
54.Rf5 Qe7 55.b5 Nd4 56.Re5 Qf7 57.Kg4 Qd7+ 58.Kg3 Qf7 59.Qa3 Nf5+ 60.Kg4 
g6 61.Kh3 gxh5 62.Qa8+ Kg7 63.Qg2+ 1/2-1/2

[Event "II Festival A"]
[Site "Lido degli Estensi - Comacchio ITA"]
[Date "2001.06.04"]
[Round "3"]
[White "Mauro, Alan"]
[Black "Trifunovic, Dusan"]
[Result "1-0"]
[WhiteElo "2225"]
[BlackElo "2055"]
[PlyCount "99"]
[EventDate "2001.06.02"]

1.e4 e5 2.Nf3 Nc6 3.Bb5 Nd4 4.Nxd4 exd4 5.O-O Bc5 6.d3 Qh4 7.Nd2 Nf6 8.Nf3
Qh5 9.Bc4 d5 10.exd5 Bd6 11.g3 Bg4 12.Qe1+ Kf8 13.Nxd4 Bh3 14.Qe2 Qxe2 15.
Nxe2 Bxf1 16.Kxf1 Ng4 17.h3 Ne5 18.Be3 Nxc4 19.dxc4 b6 20.c3 a5 21.Nd4 f6 
22.Re1 Kf7 23.Nb5 Rab8 24.Nxd6+ cxd6 25.Bf4 Rhe8 26.Bxd6 Rxe1+ 27.Kxe1 Rb7
28.a4 Ke8 29.Kd2 Kd7 30.Bf4 g5 31.Be3 Kd6 32.Kd3 h6 33.Kd4 Re7 34.b4 axb4 
35.cxb4 Ra7 36.Kc3 Rxa4 37.Bxb6 Ra1 38.Be3 Rh1 39.Kd4 Rxh3 40.c5+ Kd7 41.
b5 Rh1 42.b6 h5 43.Kc4 Rb1 44.c6+ Kc8 45.Bc5 h4 46.gxh4 gxh4 47.d6 h3 48.
d7+ Kd8 49.Bd4 Ke7 50.Bxf6+ 1-0

[Event "II Festival A"]
[Site "Lido degli Estensi - Comacchio ITA"]
[Date "2001.06.04"]
[Round "3"]
[White "Mrdja, Milan"]
[Black "Weinberg, Emanuele"]
[Result "1-0"]
[WhiteElo "2450"]
[BlackElo "1701"]
[PlyCount "46"]
[EventDate "2001.06.02"]

1.e4 Nf6 2.e5 Nd5 3.Nf3 d6 4.d4 Bg4 5.Be2 g6 6.h3 Bxf3 7.Bxf3 dxe5 8.c4 
Nf4 9.Bxf4 exf4 10.Bxb7 Nd7 11.Bxa8 Qxa8 12.O-O Bg7 13.Re1 O-O 14.Rxe7 Qd8
15.Re4 Nb6 16.Na3 g5 17.Qb3 f5 18.c5+ Nd5 19.Re6 Rf6 20.Rae1 Rxe6 21.Rxe6 
Qd7 22.Ra6 c6 23.Qb8+ Bf8 1-0

[Event "II Festival A"]
[Site "Lido degli Estensi - Comacchio ITA"]
[Date "2001.06.04"]
[Round "3"]
[White "Mukic, Josko"]
[Black "Ruzza, Claudio"]
[Result "1-0"]
[WhiteElo "2268"]
[BlackElo "2088"]
[PlyCount "31"]
[EventDate "2001.06.02"]

1.d4 g6 2.h4 h6 3.e4 Bg7 4.Nc3 c6 5.Be2 d6 6.Be3 Nd7 7.Qd2 e5 8.Nf3 Ngf6 
9.dxe5 dxe5 10.O-O-O Qe7 11.Ne1 Nb6 12.Bc5 Qd7 13.Qe3 Ng4 14.Rxd7 Nxe3 15.
Re7+ Kd8 16.Rxf7 1-0

[Event "II Festival A"]
[Site "Lido degli Estensi - Comacchio ITA"]
[Date "2001.06.04"]
[Round "3"]
[White "Naumkin, Igor"]
[Black "Trabert, Bettina"]
[Result "1/2-1/2"]
[WhiteElo "2446"]
[BlackElo "2269"]
[PlyCount "41"]
[EventDate "2001.06.02"]

1.d4 d5 2.c4 e6 3.Nf3 c6 4.Bg5 Be7 5.Bxe7 Qxe7 6.Nc3 Nf6 7.e3 Nbd7 8.Rc1 
O-O 9.a3 a6 10.Be2 dxc4 11.Bxc4 b5 12.Ba2 c5 13.O-O Bb7 14.Qe2 Rfd8 15.
Rfd1 Rac8 16.h3 h6 17.dxc5 Nxc5 18.Nd4 Nce4 19.Nxe4 Bxe4 20.f3 Bb7 21.Rxc8
1/2-1/2

[Event "II Festival A"]
[Site "Lido degli Estensi - Comacchio ITA"]
[Date "2001.06.04"]
[Round "3"]
[White "Navarro, Emanuele"]
[Black "Mayers, Dan E."]
[Result "1-0"]
[WhiteElo "1924"]
[BlackElo "2115"]
[PlyCount "61"]
[EventDate "2001.06.02"]

1.e4 e6 2.d4 d5 3.Nc3 Nf6 4.e5 Nfd7 5.Nce2 c5 6.c3 cxd4 7.cxd4 f6 8.f4 
fxe5 9.fxe5 Qh4+ 10.Ng3 Bb4+ 11.Kf2 O-O+ 12.Nf3 Nc6 13.Be3 Ndxe5 14.dxe5 
d4 15.Bd2 Bxd2 16.Qxd2 Nxe5 17.Re1 Ng4+ 18.Kg1 Qd8 19.Qxd4 Qxd4+ 20.Nxd4 
Nf2 21.Bc4 Nxh1 22.Kxh1 Rf2 23.Nge2 Rf6 24.Kg1 Bd7 25.Nc3 Kf7 26.Ne4 Rf4 
27.g3 Rg4 28.Nf3 Rc8 29.Bb3 Rc1 30.Rxc1 Rxe4 31.Ng5+ 1-0

[Event "II Festival A"]
[Site "Lido degli Estensi - Comacchio ITA"]
[Date "2001.06.04"]
[Round "3"]
[White "Opacic, Alexandar"]
[Black "Vezzani, Stefano"]
[Result "1/2-1/2"]
[WhiteElo "1921"]
[BlackElo "2230"]
[PlyCount "72"]
[EventDate "2001.06.02"]

1.e4 d6 2.d4 Nf6 3.Nc3 e5 4.dxe5 dxe5 5.Qxd8+ Kxd8 6.Bg5 Be6 7.O-O-O+ Nd7 
8.f3 Be7 9.Bb5 c6 10.Ba4 Kc7 11.Bb3 Bxb3 12.axb3 b5 13.Nge2 a5 14.Kd2 Rhd8
15.Nc1 Nf8+ 16.Ke2 Ne6 17.Be3 Rxd1 18.Rxd1 Nd7 19.Kf2 a4 20.bxa4 b4 21.
N3e2 Rxa4 22.Nd3 f6 23.Rc1 Nb6 24.b3 Ra3 25.h4 c5 26.f4 Nd7 27.Nb2 Ra2 28.
Nc4 Nb6 29.Nxb6 Kxb6 30.f5 Nc7 31.Ke1 Nb5 32.Kd2 Nd6 33.Kd3 Ra8 34.Ng3 Rd8
35.Ke2 Kb5 36.Ra1 Rd7 1/2-1/2

[Event "II Festival A"]
[Site "Lido degli Estensi - Comacchio ITA"]
[Date "2001.06.04"]
[Round "3"]
[White "Popa, Claudiu"]
[Black "Chiodini, Pietro"]
[Result "1/2-1/2"]
[WhiteElo "2101"]
[BlackElo "1492"]
[PlyCount "69"]
[EventDate "2001.06.02"]

1.e4 e5 2.Bc4 Nf6 3.Nc3 Nxe4 4.Qh5 Nd6 5.Bb3 Nc6 6.Nf3 g6 7.Qg4 Bg7 8.d3 
Na5 9.Bd2 Nxb3 10.axb3 Nf5 11.O-O-O d6 12.Qe4 c6 13.g4 Nh4 14.Bg5 Bf6 15.
Bxh4 Bxh4 16.d4 Bg5+ 17.Kb1 f5 18.gxf5 gxf5 19.Qe2 e4 20.h4 Be7 21.Ng5 
Bxg5 22.Qh5+ Kd7 23.hxg5 Kc7 24.d5 Bd7 25.dxc6 bxc6 26.Qh6 Qe7 27.Qf6 Qxf6
28.gxf6 Raf8 29.Rh6 Rf7 30.Ne2 Rhf8 31.Nf4 Rxf6 32.Rxh7 R8f7 33.Rh8 Rf8 
34.Rh7 R6f7 35.Rh6 1/2-1/2

[Event "II Festival A"]
[Site "Lido degli Estensi - Comacchio ITA"]
[Date "2001.06.04"]
[Round "3"]
[White "Ricci, Alfredo"]
[Black "Formanek, Edward W."]
[Result "0-1"]
[WhiteElo "2088"]
[BlackElo "2293"]
[PlyCount "98"]
[EventDate "2001.06.02"]

1.e4 e6 2.d4 d5 3.Nc3 Bb4 4.e5 Ne7 5.a3 Bxc3+ 6.bxc3 b6 7.h4 Ba6 8.Qg4 
Bxf1 9.Kxf1 Nf5 10.h5 h6 11.Ne2 Nc6 12.a4 Qd7 13.Ng3 Nce7 14.Nxf5 Nxf5 15.
Qe2 Qc6 16.Qd3 f6 17.g4 Ne7 18.Kg2 fxe5 19.dxe5 d4+ 20.Qf3 Qxf3+ 21.Kxf3 
O-O+ 22.Kg3 dxc3 23.Ba3 c5 24.f4 Rad8 25.Bc1 Rd4 26.a5 Nd5 27.axb6 axb6 
28.Rf1 Re4 29.Ra7 Rxe5 30.Rd1 Re4 31.f5 Nf6 32.g5 hxg5 33.Bxg5 Rg4+ 34.Kh3
Rxg5 35.fxe6 Rxh5+ 36.Kg2 Nd5 37.Kg3 Re5 38.Rd7 Re3+ 39.Kh2 Nf6 40.R7d6 b5
41.Rc6 Re5 42.Rd3 Rh5+ 43.Kg2 Rg5+ 44.Kh1 b4 45.Re3 Re8 46.Re2 Kh7 47.Rb6 
Kg6 48.Rh2 Rd8 49.Rf2 Rd1+ 0-1

[Event "II Festival A"]
[Site "Lido degli Estensi - Comacchio ITA"]
[Date "2001.06.04"]
[Round "3"]
[White "Rivola, Franco"]
[Black "Russo, Carmelo"]
[Result "1-0"]
[WhiteElo "1704"]
[BlackElo "1384"]
[PlyCount "91"]
[EventDate "2001.06.02"]

1.Nf3 c5 2.e4 d6 3.c4 Nf6 4.Nc3 Nc6 5.g3 Bg4 6.Bg2 Qd7 7.h3 Bh5 8.d3 Nd4 
9.Be3 Nxf3+ 10.Bxf3 Bxf3 11.Qxf3 g6 12.Kf1 Bg7 13.Kg2 O-O 14.Rac1 Rfc8 15.
b3 Ne8 16.Rhd1 Nc7 17.d4 b6 18.dxc5 bxc5 19.Bxc5 Na6 20.Bd4 e5 21.Be3 Qe6 
22.Nb5 Rd8 23.Nxa7 Rd7 24.Nb5 Nc5 25.Bxc5 dxc5 26.Rxd7 Qxd7 27.Rd1 Qe7 28.
a4 Rd8 29.Rd5 h5 30.Qe3 h4 31.Qxc5 Qg5 32.Qe3 Qe7 33.Qd2 Bf6 34.Rxd8+ Qxd8
35.Qxd8+ Bxd8 36.gxh4 Bxh4 37.a5 Bd8 38.a6 Bb6 39.a7 Bxa7 40.Nxa7 Kf8 41.
Kf3 Ke8 42.Nc6 f6 43.Nb4 Kd7 44.Nd5 f5 45.exf5 gxf5 46.h4 1-0

[Event "II Festival A"]
[Site "Lido degli Estensi - Comacchio ITA"]
[Date "2001.06.04"]
[Round "3"]
[White "Tatai, Stefano"]
[Black "Diotallevi, Maurizio"]
[Result "1-0"]
[WhiteElo "2352"]
[BlackElo "2088"]
[PlyCount "59"]
[EventDate "2001.06.02"]

1.e4 e6 2.d4 d5 3.Nc3 Bb4 4.e5 Bxc3+ 5.bxc3 Ne7 6.Qg4 Kf8 7.h4 b6 8.h5 h6 
9.Rh3 Ba6 10.Ne2 Nbc6 11.Rf3 Qd7 12.Nf4 Bc8 13.Ng6+ Nxg6 14.hxg6 Nd8 15.
gxf7 Nxf7 16.Bd3 Kg8 17.Bg6 Ng5 18.Bxg5 hxg5 19.Bf7+ Qxf7 20.Rxf7 Kxf7 21.
O-O-O Bd7 22.Qxg5 Rae8 23.g4 Re7 24.f4 Ke8 25.f5 Rf7 26.f6 Rg8 27.Rh1 g6 
28.Rh6 Kf8 29.Rxg6 Rxg6 30.Qxg6 1-0

[Event "II Festival A"]
[Site "Lido degli Estensi - Comacchio ITA"]
[Date "2001.06.04"]
[Round "3"]
[White "Vismara, Daniele"]
[Black "Cebalo, Miso"]
[Result "1-0"]
[WhiteElo "2231"]
[BlackElo "2465"]
[PlyCount "81"]
[EventDate "2001.06.02"]

1.e4 c5 2.Nf3 d6 3.d4 cxd4 4.Nxd4 Nf6 5.f3 e5 6.Bb5+ Nbd7 7.Nf5 d5 8.exd5 
a6 9.Ba4 b5 10.Bb3 Nb6 11.Ne3 Bc5 12.Qd3 O-O 13.Nc3 Bb7 14.a4 b4 15.Ne4 
Nxe4 16.fxe4 a5 17.Nf5 Bc8 18.Be3 Bxe3 19.Nxe3 Ba6 20.Qd2 Qh4+ 21.Qf2 Qxe4
22.O-O-O Qf4 23.Qxf4 exf4 24.Nf5 g6 25.Ne7+ Kg7 26.d6 Bb7 27.Rd2 Rad8 28.
Re1 Kf6 29.c4 Nd7 30.Bc2 Nc5 31.Nd5+ Kg7 32.Nxf4 b3 33.Re5 Rc8 34.d7 Nxd7 
35.Rxd7 Rxc4 36.Ne6+ Kf6 37.Nxf8 Rxc2+ 38.Kb1 Bc8 39.Re3 Kg7 40.Ne6+ Kf6 
41.Rc7 1-0

[Event "II Festival A"]
[Site "Lido degli Estensi - Comacchio ITA"]
[Date "2001.06.05"]
[Round "4"]
[White "Barletta, Antonio"]
[Black "Rivola, Franco"]
[Result "1/2-1/2"]
[WhiteElo "1902"]
[BlackElo "1704"]
[PlyCount "123"]
[EventDate "2001.06.02"]

1.e4 e6 2.Nc3 d5 3.d4 dxe4 4.Nxe4 Nf6 5.Nxf6+ gxf6 6.Nf3 b6 7.Bf4 Bb7 8.
Bb5+ c6 9.Bd3 Bd6 10.Qd2 Qc7 11.Bg3 Nd7 12.O-O-O O-O-O 13.Qe2 Nf8 14.Ba6 
Ng6 15.Bxb7+ Kxb7 16.Bxd6 Qxd6 17.g3 Ne7 18.Rhe1 Rhe8 19.Qe4 Ng6 20.Rd3 
Qd5 21.Qxd5 cxd5 22.Kd2 Rc8 23.Rc3 Rxc3 24.Kxc3 Rc8+ 25.Kd2 Kc6 26.Re3 Kd6
27.Ra3 Rc7 28.Rc3 Rxc3 29.Kxc3 Ne7 30.Ne1 Nc6 31.Nd3 e5 32.dxe5+ fxe5 33.
Ne1 d4+ 34.Kd2 e4 35.Ng2 Ne5 36.h4 Nf3+ 37.Ke2 Ne5 38.Nf4 Nc4 39.b3 Na3 
40.Kd2 Nb1+ 41.Kc1 Nc3 42.a4 Nd5 43.Ne2 Ke5 44.Kd2 h5 45.Ng1 Nf6 46.Nh3 
Ng4 47.Ke2 Kf5 48.f3 exf3+ 49.Kxf3 Ne5+ 50.Kf2 d3 51.cxd3 Nxd3+ 52.Kf3 
Ne5+ 53.Kf2 Nd3+ 54.Kf3 f6 55.b4 a6 56.Nf4 Nxf4 57.gxf4 b5 58.a5 Ke6 59.
Ke4 f5+ 60.Kd4 Kd6 61.Kc3 Kd5 62.Kd3 1/2-1/2

[Event "II Festival A"]
[Site "Lido degli Estensi - Comacchio ITA"]
[Date "2001.06.05"]
[Round "4"]
[White "Bukal, Vladimir sr"]
[Black "Mukic, Josko"]
[Result "1/2-1/2"]
[WhiteElo "2439"]
[BlackElo "2268"]
[PlyCount "112"]
[EventDate "2001.06.02"]

1.c4 Nf6 2.Nc3 g6 3.g3 Bg7 4.Bg2 O-O 5.d4 d6 6.Nf3 Nbd7 7.O-O e5 8.e4 exd4
9.Nxd4 Re8 10.h3 a5 11.Re1 Nc5 12.b3 c6 13.Bf4 Nh5 14.Be3 Nf6 15.Qc2 Qe7 
16.Rad1 Bd7 17.f3 Rad8 18.Bf2 Bc8 19.a3 h6 20.b4 axb4 21.axb4 Ne6 22.Nde2 
Ng5 23.Bb6 Rd7 24.Kh2 d5 25.e5 Nh5 26.cxd5 Qxb4 27.Rb1 Qc4 28.f4 cxd5 29.
fxg5 Bxe5 30.Qd2 hxg5 31.Bf2 Rdd8 32.Nd4 g4 33.hxg4 Bxg4 34.Ncb5 Qc8 35.
Nf3 Bb8 36.Nbd4 Nf6 37.Kg1 Kg7 38.Qb2 Rxe1+ 39.Bxe1 Bxf3 40.Nxf3 d4 41.
Qxb7 Qf5 42.Rb5 Qe6 43.Rb1 Ng4 44.Qb3 Qe7 45.Qd3 Ba7 46.Bd2 Ne3 47.Ne1 Qg5
48.Rb7 Bc5 49.Rb5 Rc8 50.Qxd4+ Bxd4 51.Rxg5 Nc4+ 52.Kf1 Nxd2+ 53.Ke2 Nc4 
54.Rd5 Bf6 55.Be4 Ne5 56.Nf3 Nxf3 1/2-1/2

[Event "II Festival A"]
[Site "Lido degli Estensi - Comacchio ITA"]
[Date "2001.06.05"]
[Round "4"]
[White "Cebalo, Miso"]
[Black "Gatta, Giorgio"]
[Result "1-0"]
[WhiteElo "2465"]
[BlackElo "1849"]
[PlyCount "104"]
[EventDate "2001.06.02"]

1.d4 Nf6 2.c4 g6 3.Nc3 d5 4.Nf3 Bg7 5.cxd5 Nxd5 6.Bd2 O-O 7.Rc1 Nc6 8.e4 
Nb6 9.d5 Ne5 10.Nxe5 Bxe5 11.Bh6 Re8 12.Bb5 Bd7 13.Bxd7 Qxd7 14.O-O e6 15.
f4 Bh8 16.dxe6 Qxe6 17.e5 Rad8 18.Qf3 c6 19.Ne4 Nc4 20.Rc2 f5 21.Nc5 Qd5 
22.Qxd5+ cxd5 23.Rfc1 b5 24.Nd3 Bg7 25.Bxg7 Kxg7 26.b3 Ne3 27.Rc7+ Kh6 28.
Kf2 d4 29.h3 Nd5 30.Rxa7 Rc8 31.Rxc8 Rxc8 32.Rd7 Rc2+ 33.Kf3 Rc3 34.Rxd5 
Rxd3+ 35.Ke2 Re3+ 36.Kf2 Re4 37.g3 b4 38.Rb5 d3 39.Rd5 Re2+ 40.Kf3 Rxa2 
41.Rxd3 Rc2 42.g4 Kg7 43.Rd7+ Kf8 44.Kg3 Rc3+ 45.Kh4 h6 46.gxf5 gxf5 47.
Kh5 Rf3 48.Kg6 Ke8 49.Rb7 Rxf4 50.Kf6 Rd4 51.e6 f4 52.Rb8+ Rd8 1-0

[Event "II Festival A"]
[Site "Lido degli Estensi - Comacchio ITA"]
[Date "2001.06.05"]
[Round "4"]
[White "Costantini, Laura"]
[Black "Lelchuk, Zoja"]
[Result "0-1"]
[WhiteElo "1924"]
[BlackElo "2411"]
[PlyCount "54"]
[EventDate "2001.06.02"]

1.e4 c5 2.Nc3 Nc6 3.g3 g6 4.Bg2 Bg7 5.d3 e6 6.f4 Nge7 7.Nf3 d6 8.O-O O-O 
9.g4 f5 10.gxf5 exf5 11.Ne2 Kh8 12.c3 Be6 13.Ng5 Bg8 14.Ng3 h6 15.Nf3 fxe4
16.dxe4 d5 17.e5 Qd7 18.Qd3 Rad8 19.b3 b6 20.Bd2 Qg4 21.Rad1 Be6 22.Bc1 
Nf5 23.Ne1 c4 24.Qf3 Nxg3 25.hxg3 Nxe5 26.Qxg4 Nxg4 27.Bd2 d4 0-1

[Event "II Festival A"]
[Site "Lido degli Estensi - Comacchio ITA"]
[Date "2001.06.05"]
[Round "4"]
[White "Costantini, Roberto"]
[Black "Mauro, Alan"]
[Result "0-1"]
[WhiteElo "2268"]
[BlackElo "2225"]
[PlyCount "170"]
[EventDate "2001.06.02"]

1.e4 c5 2.Nf3 Nc6 3.d4 cxd4 4.Nxd4 g6 5.c4 Bg7 6.Be3 d6 7.Nc3 Nf6 8.Be2 
O-O 9.O-O Nd7 10.Re1 Nc5 11.Bf1 Bd7 12.Rc1 a6 13.b3 Rc8 14.Qd2 Qa5 15.Red1
Nxd4 16.Bxd4 Bxd4 17.Qxd4 Ne6 18.Qe3 Bc6 19.Nd5 Rfe8 20.b4 Qa4 21.a3 Bxd5 
22.Rxd5 Qc6 23.Rd3 a5 24.h4 axb4 25.axb4 Ng7 26.Rdc3 Qd7 27.Be2 Qe6 28.Bf3
Rc7 29.Qg5 Qe5 30.Qe3 Ne6 31.g3 h5 32.Rd3 Rec8 33.Rd5 Qf6 34.Be2 Rc6 35.
Rb1 Ra8 36.Rdd1 Ra2 37.Rbc1 Qb2 38.Bd3 Qxb4 39.e5 Qc5 40.Qf3 Qxe5 41.Bb1 
Rb2 42.Be4 Rc5 43.Bd5 Qe2 44.Qxe2 Rxe2 45.Bxb7 Rf5 46.f3 Nc5 47.Bd5 e6 48.
Bc6 Nb3 49.Rc3 Na5 50.Be4 Rc5 51.Rxd6 Rxc4 52.Rxc4 Nxc4 53.Rd8+ Kg7 54.Kf1
Rb2 55.Kg1 Kf6 56.f4 Ne3 57.Rc8 Nf5 58.Rc3 Nd6 59.Bf3 Nf5 60.Be4 Re2 61.
Bg2 Ke7 62.Rd3 Ke8 63.Bc6+ Kf8 64.Bg2 Ke7 65.Bf3 Nxg3 66.Bxe2 Nxe2+ 67.Kf2
Nxf4 68.Re3 f5 69.Kf3 Nd5 70.Ra3 Kf6 71.Ra6 Nc3 72.Ra8 Ne4 73.Rf8+ Kg7 74.
Re8 Kf7 75.Rh8 e5 76.Ra8 Ke6 77.Rg8 Kf7 78.Ra8 Nf6 79.Ra7+ Kf8 80.Ra8+ Ke7
81.Ra7+ Nd7 82.Ra6 Nf8 83.Ra7+ Kf6 84.Ra8 Ne6 85.Rh8 e4+ 0-1

[Event "II Festival A"]
[Site "Lido degli Estensi - Comacchio ITA"]
[Date "2001.06.05"]
[Round "4"]
[White "Diotallevi, Maurizio"]
[Black "Logallo, Claudio"]
[Result "1-0"]
[WhiteElo "2088"]
[BlackElo "1720"]
[PlyCount "41"]
[EventDate "2001.06.02"]

1.d4 d5 2.c4 e6 3.Nc3 Nf6 4.Bg5 Nbd7 5.cxd5 exd5 6.e3 c6 7.Bd3 Bd6 8.Qc2 
h6 9.Bh4 Qc7 10.Nf3 g5 11.Bg3 g4 12.Nh4 Nf8 13.O-O Be6 14.Nb5 cxb5 15.Qxc7
Bxc7 16.Bxc7 a6 17.Nf5 Kd7 18.Be5 N8h7 19.Rac1 Rhc8 20.Rxc8 Rxc8 21.Nxh6 
1-0

[Event "II Festival A"]
[Site "Lido degli Estensi - Comacchio ITA"]
[Date "2001.06.05"]
[Round "4"]
[White "Formanek, Edward W."]
[Black "Naumkin, Igor"]
[Result "0-1"]
[WhiteElo "2293"]
[BlackElo "2446"]
[PlyCount "138"]
[EventDate "2001.06.02"]

1.d4 e6 2.e4 d5 3.Nc3 Bb4 4.e5 c5 5.Qg4 Ne7 6.a3 Bxc3+ 7.bxc3 O-O 8.Nf3 
Nbc6 9.Bd3 f5 10.exf6 Rxf6 11.Bg5 Rf7 12.Qh4 h6 13.Bxe7 Rxe7 14.O-O c4 15.
Be2 Bd7 16.Rfe1 Qf8 17.Bf1 Qf6 18.Qg3 Rf8 19.Ne5 Nxe5 20.Rxe5 Ba4 21.Ra2 
Ref7 22.f3 g5 23.Be2 Rg7 24.Qg4 Bd7 25.Bd1 Qd8 26.Rb2 b5 27.Qg3 Qa5 28.Qe1
Qxa3 29.Rb1 Qd6 30.Ra1 Qb6 31.h4 a5 32.hxg5 hxg5 33.Qe3 Qd8 34.Be2 a4 35.
Kf2 Qf6 36.g3 Qh6 37.Bf1 Qg6 38.Rc1 Rf5 39.Bg2 Rh7 40.g4 Rxe5 41.Qxe5 Kf7 
42.Qd6 Ke8 43.Kg3 Qf6 44.Re1 Rf7 45.Kf2 Qf4 46.Re5 Qxg4 47.Qxd5 Qh4+ 48.
Kg1 Qf4 49.Re4 Qc1+ 50.Kh2 Rh7+ 51.Kg3 Qf4+ 52.Kf2 Qd2+ 53.Kg3 Qf4+ 54.Kf2
Qf6 55.Qd6 Rh4 56.Rxh4 gxh4 57.d5 Qe7 58.Qb8+ Qd8 59.Qe5 Qb6+ 60.Kf1 Kd8 
61.Bh3 exd5 62.Bxd7 Kxd7 63.Qxd5+ Kc7 64.Qf7+ Kb8 65.Qe8+ Ka7 66.Qd7+ Ka6 
67.Qc8+ Qb7 68.Qe6+ Ka5 69.Kf2 Qb6+ 0-1

[Event "II Festival A"]
[Site "Lido degli Estensi - Comacchio ITA"]
[Date "2001.06.05"]
[Round "4"]
[White "Lagrotteria, Salvatore"]
[Black "Opacic, Alexandar"]
[Result "1/2-1/2"]
[WhiteElo "2201"]
[BlackElo "1921"]
[PlyCount "89"]
[EventDate "2001.06.02"]

1.Nf3 d5 2.g3 Nf6 3.Bg2 g6 4.b3 Bg7 5.Bb2 O-O 6.d3 c6 7.Nbd2 Nbd7 8.O-O 
Re8 9.d4 Ng4 10.h3 Nh6 11.e4 dxe4 12.Nxe4 Nf5 13.Rb1 Qc7 14.c4 b6 15.Re1 
Bb7 16.Re2 Rad8 17.Qc2 Nf6 18.Nxf6+ exf6 19.Rbe1 Qd7 20.Rxe8+ Rxe8 21.
Rxe8+ Qxe8 22.Bf1 Nd6 23.Qe2 Qxe2 24.Bxe2 f5 25.Ne5 Bxe5 26.dxe5 Ne4 27.g4
fxg4 28.hxg4 Ng5 29.f3 c5 30.Kf2 Kf8 31.f4 Ne6 32.Ke3 Ke7 33.Bd3 Nf8 34.f5
Nd7 35.Kf4 Nf8 36.Kg5 Bf3 37.Bc3 h5 38.gxh5 Bxh5 39.a3 Bd1 40.b4 gxf5 41.
Kxf5 Ne6 42.Ke4 Bg4 43.Ke3 Kd7 44.Be4 Bd1 45.Bf5 1/2-1/2

[Event "II Festival A"]
[Site "Lido degli Estensi - Comacchio ITA"]
[Date "2001.06.05"]
[Round "4"]
[White "Mayers, Dan E."]
[Black "Gandolfi, Gianfranco"]
[Result "1-0"]
[WhiteElo "2115"]
[BlackElo "1743"]
[PlyCount "57"]
[EventDate "2001.06.02"]

1.e4 e5 2.f4 d5 3.exd5 exf4 4.Bc4 Qh4+ 5.Kf1 f3 6.Bb5+ Bd7 7.Bxd7+ Nxd7 8.
Qxf3 Ngf6 9.Qe2+ Be7 10.Nf3 Qh5 11.c4 g5 12.d4 g4 13.Ne5 O-O-O 14.Bf4 Bd6 
15.Nxd7 Rxd7 16.Bxd6 cxd6 17.Nc3 Re8 18.Qf2 Ne4 19.Nxe4 Rxe4 20.Re1 Rde7 
21.Rxe4 Rxe4 22.Kg1 Qg5 23.h4 Qe7 24.Kh2 Kb8 25.c5 Ka8 26.b4 dxc5 27.bxc5 
Re3 28.d6 Qe6 29.d7 1-0

[Event "II Festival A"]
[Site "Lido degli Estensi - Comacchio ITA"]
[Date "2001.06.05"]
[Round "4"]
[White "Mrdja, Milan"]
[Black "Di Lazzaro, Gabriele"]
[Result "1/2-1/2"]
[WhiteElo "2450"]
[BlackElo "1975"]
[PlyCount "83"]
[EventDate "2001.06.02"]

1.e4 d5 2.exd5 Nf6 3.Bb5+ Bd7 4.Be2 Nxd5 5.d4 Nc6 6.c4 Nf6 7.f4 e6 8.Nf3 
Bb4+ 9.Nc3 Ne4 10.Qc2 Nxc3 11.bxc3 Bd6 12.Bd3 h6 13.O-O b6 14.Qe2 Ne7 15.
Ne5 O-O 16.Qe4 f5 17.Qe2 Bxe5 18.Qxe5 Rc8 19.Re1 c5 20.Ba3 Ng6 21.Qe3 cxd4
22.cxd4 Re8 23.Rac1 Qc7 24.g3 Bc6 25.h4 Qd7 26.Bb2 Ba8 27.Kh2 Nf8 28.Rg1 
Qe7 29.Qf2 h5 30.Rge1 Qf7 31.Kg1 Nd7 32.d5 Nc5 33.Qd4 Nxd3 34.Qxd3 exd5 
35.cxd5 Bxd5 36.Rxe8+ Rxe8 37.Be5 Bc4 38.Qxc4 Qxc4 39.Rxc4 Kf7 40.a4 Re7 
41.Kf2 Rd7 42.Rc8 1/2-1/2

[Event "II Festival A"]
[Site "Lido degli Estensi - Comacchio ITA"]
[Date "2001.06.05"]
[Round "4"]
[White "Navarro, Emanuele"]
[Black "Tatai, Stefano"]
[Result "0-1"]
[WhiteElo "1924"]
[BlackElo "2352"]
[PlyCount "86"]
[EventDate "2001.06.02"]

1.d4 Nf6 2.Nf3 e6 3.Bg5 h6 4.Bf4 b6 5.e3 Bb7 6.Bd3 d6 7.h4 Nbd7 8.Nbd2 c5 
9.c3 d5 10.a4 Be7 11.a5 c4 12.Bb1 b5 13.b4 cxb3 14.a6 b2 15.Ra2 Bc6 16.Qb3
b4 17.cxb4 Qb6 18.Rxb2 Bb5 19.Bd3 Qxa6 20.Ke2 O-O 21.Bxb5 Qxb5+ 22.Qd3 Qb7
23.Rhb1 Rfc8 24.Ne5 Ne4 25.Rb3 Nxd2 26.Kxd2 Nxe5 27.Bxe5 Rc4 28.b5 Qb6 29.
Ra1 Bb4+ 30.Kd1 Rac8 31.Ra4 Rc1+ 32.Ke2 R1c3 33.Rxc3 Rxc3 34.Rxb4 Rxd3 35.
Kxd3 f6 36.Bg3 Kf7 37.Kc3 Ke7 38.Kb3 Kd7 39.f4 a6 40.bxa6 Qxa6 41.Be1 Qd3+
42.Bc3 Kc6 43.Rb8 Qxe3 0-1

[Event "II Festival A"]
[Site "Lido degli Estensi - Comacchio ITA"]
[Date "2001.06.05"]
[Round "4"]
[White "Nikolic, Stanimir"]
[Black "Borgo, Giulio"]
[Result "0-1"]
[WhiteElo "2366"]
[BlackElo "2408"]
[PlyCount "90"]
[EventDate "2001.06.02"]

1.c4 Nf6 2.Nc3 c5 3.g3 d5 4.cxd5 Nxd5 5.Bg2 Nc7 6.Nf3 Nc6 7.d3 g6 8.Be3 
Ne6 9.O-O Rb8 10.Ng5 Nxg5 11.Bxg5 Bd7 12.Ne4 f6 13.Bf4 e5 14.Bd2 Be7 15.
Bh6 Nd4 16.Bd2 Bc6 17.Rc1 Rc8 18.Bh3 Bd7 19.Bg2 Bc6 20.Nc3 Bxg2 21.Kxg2 
O-O 22.e4 Rf7 23.Be3 Nc6 24.Nd5 b6 25.a3 Bf8 26.Qe2 Qd7 27.f4 exf4 28.Nxf4
Bg7 29.Rf2 Re8 30.Rcf1 f5 31.Nh3 Ne5 32.exf5 Nxd3 33.fxg6 Rfe7 34.gxh7+ 
Kh8 35.Rf3 Qd5 36.Kg1 Rxe3 37.Rxe3 Rxe3 38.Qg4 Re8 39.Rd1 Bd4+ 40.Kf1 Qf7+
41.Nf4 Nxf4 42.gxf4 Qc4+ 43.Kg2 Qc2+ 44.Kh3 Re3+ 45.Kh4 Bf6+ 0-1

[Event "II Festival A"]
[Site "Lido degli Estensi - Comacchio ITA"]
[Date "2001.06.05"]
[Round "4"]
[White "Ortega, Lexy"]
[Black "Genocchio, Daniele"]
[Result "1-0"]
[WhiteElo "2487"]
[BlackElo "2278"]
[PlyCount "71"]
[EventDate "2001.06.02"]

1.d4 f5 2.Nc3 d5 3.Bf4 Nf6 4.e3 e6 5.Nb5 Na6 6.c4 Ne4 7.Nc3 Nxc3 8.bxc3 c6
9.Bd3 Qa5 10.Ne2 Be7 11.O-O O-O 12.a4 Nc7 13.Qc2 Ne8 14.Rab1 Qd8 15.cxd5 
exd5 16.c4 dxc4 17.Bxc4+ Kh8 18.Be5 Nd6 19.Ba2 Bf6 20.Nf4 Qe7 21.Nd3 Nf7 
22.f4 Nd8 23.a5 Qa3 24.Bc4 Bxe5 25.Ra1 Qe7 26.Nxe5 Rf6 27.Rfb1 Be6 28.Rb3 
Rc8 29.Bxe6 Qxe6 30.Rc3 Kg8 31.Rd1 Qe7 32.d5 Rd6 33.a6 b5 34.dxc6 b4 35.
Rxd6 Qxd6 36.c7 1-0

[Event "II Festival A"]
[Site "Lido degli Estensi - Comacchio ITA"]
[Date "2001.06.05"]
[Round "4"]
[White "Pircher, Karl"]
[Black "Ricci, Alfredo"]
[Result "1-0"]
[WhiteElo "2041"]
[BlackElo "2088"]
[PlyCount "53"]
[EventDate "2001.06.02"]

1.d4 c5 2.d5 Nf6 3.c4 b5 4.cxb5 a6 5.bxa6 Bxa6 6.Nc3 g6 7.e4 Bxf1 8.Kxf1 
d6 9.Nf3 Bg7 10.g3 O-O 11.Kg2 Nbd7 12.Re1 Qb6 13.e5 Ng4 14.exd6 exd6 15.
Qe2 c4 16.Bf4 Ndf6 17.h3 Rfe8 18.Qd2 Ne5 19.Nxe5 dxe5 20.Bxe5 Ne4 21.Rxe4 
Bxe5 22.Rae1 f6 23.f4 Bxc3 24.Rxe8+ Rxe8 25.Rxe8+ Kf7 26.Qe2 Be5 27.fxe5 
1-0

[Event "II Festival A"]
[Site "Lido degli Estensi - Comacchio ITA"]
[Date "2001.06.05"]
[Round "4"]
[White "Russo, Carmelo"]
[Black "Del Vecchio, Gastone"]
[Result "1/2-1/2"]
[WhiteElo "1384"]
[BlackElo "1578"]
[PlyCount "121"]
[EventDate "2001.06.02"]

1.d4 Nf6 2.c4 g6 3.Nf3 Bg7 4.Nc3 d6 5.e4 O-O 6.Be2 c5 7.O-O cxd4 8.Nxd4 
Nc6 9.Be3 Kh8 10.Qd2 Ng8 11.f4 Nxd4 12.Bxd4 e5 13.Be3 f5 14.Rad1 exf4 15.
Bxf4 Qb6+ 16.Kh1 fxe4 17.Bxd6 Rxf1+ 18.Bxf1 Bf5 19.c5 Qd8 20.Qd5 b6 21.
cxb6 Nf6 22.Qf7 axb6 23.Bc7 Qe8 24.Qxe8+ Rxe8 25.Rd8 Rxd8 26.Bxd8 Nd7 27.
Na4 Bd4 28.Bb5 e3 29.Nc3 Kg7 30.a3 Ne5 31.Be2 Nd3 32.Nb5 Bxb2 33.Bxb6 Nc1 
34.Bd4+ Bxd4 35.Nxd4 Nxe2 36.Nxe2 Bg4 37.Nc1 e2 38.Nd3 Bf5 39.Ne1 Bd7 40.
Kg1 Kf6 41.Kf2 Bb5 42.Nf3 Ba6 43.Nd4 Ke5 44.Nxe2 Kd5 45.Nf4+ Kc6 46.Ke3 
Bc4 47.Kd4 Ba2 48.Kc3 g5 49.Nd3 Kb5 50.Ne5 h5 51.h3 Bd5 52.g3 h4 53.gxh4 
gxh4 54.Ng6 Ka4 55.Nxh4 Be6 56.Kb2 Bxh3 57.Nf3 Bd7 58.Nd4 Be8 59.Nb3 Kb5 
60.Nd4+ Ka4 61.Nc2 1/2-1/2